000 00488nam a2200193Ia 4500
003 GCL
008 140319s9999 xx 000 0 eng d
040 _aGCL /
_cGCL
082 0 4 _a615.1
_bC P
100 1 _aCONNECHEN, JAMES
245 1 0 _aPHARMACOLOGY FOR NURSES /
_cCONNECHEN, JAMES
700 1 _aSHANLEY, EAMON
700 1 _aROBSON, HOWARD
260 _a[S.N] :
_bBAILLIERE TINDALL ،
_c1983
300 _a305 P
650 0 4 _aPHARMACOLOGY
650 0 4 _aNURSING
942 _2ddc
_cBK
999 _c19888
_d19888